Brand By Slogan - Statistics

General Stats
  • This quiz has been taken 106 times
  • The average score is 17 of 50
Answer Stats
Slogan Brand % Correct
Just Do It. Nike
99%
I'm Lovin' It Mcdonalds
89%
It's Finger Lickin' Good Kentucky Fried Chicken
86%
Taste the Rainbow Skittles
77%
___ ____ Gives You Wings Red Bull
70%
Do the Dew Mountain Dew
66%
No One Outpizzas the Hut Pizza Hut
66%
Have It Your Way Burger King
55%
When There's No Coke Pepsi
55%
Eat Fresh Subway
51%
We have the Meats Arby's
48%
American Runs on ______ Dunkin
48%
Like a Good Neighbor, _____ ____ is There State Farm
48%
Eat Mor Chikin Chick-fil-a
47%
Snap! Crackle! Pop! Rice Krispies
42%
They're Grrreat! Frosted Flakes
41%
The Quicker Picker Upper Bounty
39%
The Snack that Smiles Back Goldfish
38%
Off the Wall Vans
33%
You're in Good Hands Allstate
32%
Think Different Apple
32%
The Happiest Place on Earth Disneyland
32%
Every Kiss Begins With Kay Kay Jewelers
31%
They're Magically Delicious Lucky Charms
31%
Let's Go Places Toyota
30%
____ Are For Kids Trix
30%
The Ultimate Driving Machine BMW
28%
What's in your Wallet? Capital One
27%
Save Money. Live Better Walmart
27%
Ain't no laws when you're drinking Claws White Claw
25%
Cleans More Than Just Teeth Colgate
24%
Can You Hear Me Now? Verizon
23%
Maybe She's Born With It. Maybe it's __________ Maybelline
22%
Once You Pop, the Fun Don't Stop Pringles
22%
Obey your Thirst Sprite
22%
Where's the Beef? Wendy's
22%
Expect More, Pay Less Target
19%
Easy, Breezy, Beautiful... _________ Covergirl
18%
Think Outside the Bun Taco Bell
18%
Crave Those Crazy Squares Cinnamon Toast Crunch
13%
It Keeps Going, and Going, and Going... Energizer
10%
M'm! M'm! Good! Campbell's
9%
THINK IBM
7%
Fly the Friendly Skies United Airlines
7%
Betcha Can't Eat Just One Lays Potato Chips
6%
Good to the Last Drop Maxwell House
6%
Quality Never Goes Out of Style Levi's
5%
Because You're Worth It. L'Oreal Paris
3%
Innovation That Excites Nissan
3%
Open Happiness Coca Cola
2%
No matching quizzes found
Score Distribution
Percent of People with Each Score
Percentile by Number Answered
Your Score History
You have not taken this quiz